No medals for Aphrodite.

Saved in:
Bibliographic Details
Main Author: Beilby, Richard, 1918-
Format: Book
Language:English
Published: [Sydney] Angus and Robertson [1970]
LEADER 00828nam a2200253 a 4500
001 c000006010
003 CARM
005 19940427000000.0
008 710603s1970 at 000 1 eng
015 |a ANL 
019 1 |a 26503231  |z 227057  |5 LACONCORD2021 
020 |a 0207120390 
035 |a (OCoLC)143171  |5 LACONCORD2021 
040 |a LC  |b eng  |c LC  |d XNTU 
042 |a anuc 
050 0 0 |a PZ4.B4197  |b No  |a PR6052.E33 
082 0 4 |a 823 
100 1 |a Beilby, Richard,  |d 1918- 
245 1 0 |a No medals for Aphrodite. 
260 |a [Sydney]  |b Angus and Robertson  |c [1970] 
300 |a 286 p.  |c 23 cm. 
852 8 |b CARM  |h A2:AB31A0  |i B02699  |p 0118444  |f BK 
999 f f |i a5a3c186-a739-59c1-bfaf-76880d0cff28  |s dfc3ea9d-4abb-5af7-96aa-d8f19766db66 
952 f f |p Can circulate  |a CAVAL  |b CAVAL  |c CAVAL  |d CARM 1 Store  |e B02699  |f A2:AB31A0  |h Other scheme  |i book  |m 0118444